Past Participants : a lesbian history diary for 1984 /

Đã lưu trong:
Chi tiết về thư mục
Tác giả chính: Mohin, Lilian
Tác giả khác: Wilson, Anna
Định dạng: Sách
Ngôn ngữ:Tiếng Anh
Được phát hành: London Onlywomen Press 1983
Các nhãn: Thêm thẻ
Không có thẻ, Là người đầu tiên thẻ bản ghi này!

MARC

LEADER 00000nam a2200000 4500
001 CDOM0000005407
003 mi
005 20251016180524.0
008 251016b |||||||| |||| 00| 0 eng d
040 |c mi 
100 |a Mohin, Lilian 
245 1 |a Past Participants :  |b a lesbian history diary for 1984 /  |c by Lilian Mohin & Anna Wilson 
260 |a London  |b Onlywomen Press  |c 1983 
300 |a 102 p. [ non numerate ]  |b ill.  |c 10,5 x 15 com. 
700 |a Wilson, Anna 
942 |2 ddc  |c BK 
952 |0 0  |1 0  |2 ddc  |4 0  |6 B_SST07MOHLIPAS11  |7 0  |9 7771  |a MI  |b MI  |d 2013-01-18  |i 2037  |l 0  |o B-SST07-MOHLI-PAS11  |p CDOM2037  |r 2025-07-13 16:28:00  |w 2025-07-13  |x DONO  |y BK 
999 |c 6444  |d 6444